|
|
|
|
| LEADER |
00000cam a2200000 a 4500 |
| 001 |
vtls010602001 |
| 003 |
SK-MaSNL |
| 005 |
20260301034811.0 |
| 008 |
240318s1976 xo e 000 0 slo |
| 015 |
|
|
|a SNBA1976
|
| 020 |
|
|
|q (brož.)
|
| 040 |
|
|
|a SNK
|b slo
|c SNK
|e AACR2
|
| 041 |
0 |
|
|a slo
|
| 044 |
|
|
|a xo
|c SK
|
| 080 |
|
|
|a 327.323.3(075.8)
|2 1981
|
| 080 |
|
|
|a 378:327.323.3(075.8)
|2 1981
|
| 100 |
1 |
|
|a Pleva, Ján,
|d 1928 23. júl-
|4 aut
|9 37963
|
| 245 |
1 |
0 |
|a Kapitoly z dejín medzinárodného komunistického hnutia
|n 1 diel
|c Ján Pleva a kol.
|
| 250 |
|
|
|a 2. nezm. vyd.
|
| 260 |
|
|
|a Bratislava
|b Univerzita Komenského
|c 1976
|
| 300 |
|
|
|a 167 s.
|c 29 cm
|
| 366 |
|
|
|e 1500 výt.
|
| 490 |
1 |
|
|a Vysokoškolské skriptá
|
| 650 |
0 |
7 |
|a medzinárodné komunistické hnutie
|x dejiny
|2 SNKPH
|9 336303
|
| 655 |
|
7 |
|a učebnice vysokých škôl
|2 SNKPH
|9 70191
|
| 810 |
2 |
|
|a Univerzita Komenského v Bratislave
|t Vysokoškolské skriptá
|9 277216
|
| 958 |
|
|
|a OND
|
| 999 |
|
|
|c 582575
|d 584505
|
| 952 |
|
|
|a SNK
|b SNK
|y PREZ
|7 0
|p 17A0932452
|o snkSB 23338/1
|i snkKSP 2405/76
|0 0
|1 0
|4 0
|d 2014-06-09
|f 1
|l 0
|r 2025-03-26 00:00:00
|w 2026-02-23
|